VRAIS FANS DE PORSCHE - Statistiques

Statistiques générales
  • Ce quiz a été pris 1 212 fois
  • Le résultat moyen est 8 sur 11
Statistiques - réponses
Par images Réponse % Correct
911 992 GT3RS
96%
Carrera GT
96%
911 991 GT3RS
95%
Cayenne Turbo GT
94%
911 Turbo S
73%
718 Cayman GT4RS
72%
918 Spyder
70%
911 Dakar
66%
964 Turbo S
59%
Panamera 4S
38%
GT3 TOURING
29%
Aucun quiz correspondant
Distribution des résultats
% des personnes avec chaque résultat
Percentile par nombre de réponses
Votre historique - résultats
Vous n’avez pas pris ce quiz